| 000 | 00609nam a22002057a 4500 | ||
|---|---|---|---|
| 003 | BUBTL | ||
| 008 | 221118b ||||| |||| 00| 0 eng d | ||
| 020 | _a9842142436658 | ||
| 082 | _a791.4372/ B4177s/ 1956 | ||
| 100 |
_94937 _aBellow, Saul |
||
| 245 |
_aSeize the Day/ _cSaul Bellow |
||
| 250 | _a1st Edn. | ||
| 260 |
_aDhaka _bStudent Low Cost Text Print Foundation _cc1956 |
||
| 300 |
_axxiv, 118 p.: _c17 cm. |
||
| 505 | _aSeize the Day, Saul Bellow | ||
| 650 | 0 |
_91994 _aEnglish Literature |
|
| 856 |
_k0 _l0 _yDownload |
||
| 942 |
_2ddc _cBK |
||
| 999 |
_c6812 _d6812 |
||